| 000 | 00373nam a2200145Ia 4500 | ||
|---|---|---|---|
| 008 | 240624s9999 xx 000 0 und d | ||
| 041 | _aeng | ||
| 082 | _a612.82 McK | ||
| 100 | _aMCKHANN GUY | ||
| 245 | _aKEEP YOUR BRAIN YOUNG THE COMPLETE GUIDE | ||
| 250 | _a11 | ||
| 260 |
_c2002 _aNew York _bJohn Wiley & Sons |
||
| 300 | _avii, : 296 : p. : cm. ; 24 | ||
| 365 |
_c _b30 |
||
| 999 |
_c17930 _d17930 |
||